| 000 | 01297cam a22003374a 4500 | ||
|---|---|---|---|
| 999 |
_c529779 _d529779 |
||
| 001 | 13193700 | ||
| 003 | NUST | ||
| 005 | 20191003110101.0 | ||
| 008 | 030509s2003 dcua b f000 0 eng | ||
| 010 | _a 2003106782 | ||
| 020 | _a0309069645 | ||
| 035 | _a(DLC) 2003106782 | ||
| 038 | _aMSOHAIL | ||
| 040 |
_aDLC _cDLC _dDLC |
||
| 042 | _apcc | ||
| 043 | _an-us--- | ||
| 050 | 0 | 0 |
_aTE175 _b.M315 2003 |
| 082 | 0 | 0 |
_a625.7250973 _222 |
| 100 | 1 |
_aMason, John M. _q(John Michael), _d1950- _922572 |
|
| 245 | 1 | 0 |
_aDesign exception practices : _ba synthesis of highway practice / _cconsultants, John M. Mason, Jr. and Kevin M Mahoney. |
| 260 |
_aWashington, DC : _bTransportation Research Board, _c2003. |
||
| 300 |
_a82 p. : _bill. ; _c28 cm. |
||
| 490 | 1 |
_aNCHRP synthesis, _x0547-5570 ; _v316 |
|
| 504 | _aIncludes bibliographical references. | ||
| 650 | 0 |
_aRoads _zUnited States _xStates _xDesign and construction. _922573 |
|
| 700 | 1 |
_aMahoney, Kevin M. _922574 |
|
| 830 | 0 |
_aSynthesis of highway practice ; _v316. _922575 |
|
| 906 |
_a7 _bcbc _corignew _d2 _eepcn _f20 _gy-gencatlg |
||
| 942 |
_2ddc _cBK |
||